| 000 | 00629nam a2200181Ia 4500 | ||
|---|---|---|---|
| 008 | 151018s9999 xx 000 0 und d | ||
| 082 |
_bRBASDV60494 _a891.433 |
||
| 100 | _aदिनेश चंद्र दुबे | ||
| 245 | _aबुझे हुए चिराग | ||
| 250 | _b1 | ||
| 260 |
_bभावना प्रकाशन धुळे _c2010 |
||
| 300 | _a159 | ||
| 600 | _aदिनेश चंद्र दुबे | ||
| 630 | _aबुझे हुए चिराग | ||
| 700 | _aदिनेश चंद्र दुबे | ||
| 730 | _aबुझे हुए चिराग | ||
| 942 | _cBOOK | ||
| 999 |
_c1054016 _d1054013 |
||